| 000 | 01176aam a2200433 4500 | ||
|---|---|---|---|
| 005 | 20260313165807.0 | ||
| 008 | 150716b2002 xxu||||| |||| 00| 0 spa d | ||
| 020 | _a9682464501 | ||
| 041 | _aESP | ||
| 082 | _a364.153 L563d | ||
| 100 |
_aLencioni, Leo Julio _914440 |
||
| 245 | _aLos delitos sexuales: manual de investigación pericial para médicos y abogados | ||
| 260 | _aMéxico | ||
| 260 | _bTrillas | ||
| 260 | _c2002 | ||
| 300 | _a237 páginas | ||
| 490 | _aInvestigación Criminal | ||
| 650 | _aCOSTA RICA | ||
| 650 | _aLEGISLACIÓN | ||
| 650 | _aDELITOS SEXUALES | ||
| 650 | _aLEGISLACIÓN Y EPIDEMIOLOGÍA | ||
| 650 | _aVIOLACIÓN | ||
| 650 | _aEXAMEN DE VICTIMA | ||
| 650 | _aEXAMEN DEL AGRESOR | ||
| 650 | _aINTERROGATORIO | ||
| 650 | _aEXAMEN DE LA VESTIMENTA | ||
| 650 | _aEXAMEN FISICO | ||
| 650 | _aEXAMEN GENITAL | ||
| 650 | _aEXAMEN DEL HIMEN | ||
| 650 | _aEXAMEN ANAL | ||
| 650 | _aEXAMEN ORAL | ||
| 650 | _aDELITOS SEXUALES | ||
| 650 | _aPSICOPATOLOGÍA FORENSE | ||
| 650 | _aENFERMEDADES DE TRANSMISIÓN SEXUAL | ||
| 650 | _aEMBARAZO | ||
| 650 | _aMUERTE | ||
| 650 | _aLABORATORIO CLINICO | ||
| 942 |
_cBK _2ddc |
||
| 999 |
_c1827 _d1827 |
||